|
|
|
|
| LEADER |
01204nam a2200289 a 4500 |
| 001 |
20002 |
| 003 |
BD-DhAAL |
| 008 |
100418s1999 ii a b 001 0 eng d |
| 010 |
|
|
|a 97914025
|
| 020 |
|
|
|a 0195641906
|
| 040 |
|
|
|a DLC
|c DLC
|d DLC
|d DB-DhAAL
|
| 082 |
0 |
4 |
|a 371.822
|2 23
|
| 100 |
1 |
|
|a Minault, Gail,
|d 1939-
|9 54811
|
| 245 |
1 |
0 |
|a Secluded scholars :
|b women's education and Muslim social reform in colonial India /
|c Gail Minault.
|
| 260 |
|
|
|a Delhi ;
|a New York :
|b Oxford University Press,
|c 1999.
|
| 300 |
|
|
|a xiv, 359 pages :
|b illustrations ;
|c 22 cm.
|
| 490 |
1 |
|
|a Gender studies
|
| 504 |
|
|
|a Includes bibliographical references (pages [313]-339) and index.
|
| 541 |
1 |
|
|e 20002
|
| 650 |
|
0 |
|a Muslim girls
|x Education
|z India
|x History.
|9 54812
|
| 650 |
|
0 |
|a Muslim women
|z India
|x Social conditions.
|9 54813
|
| 650 |
|
0 |
|a Islamic education
|z India
|x History.
|9 54814
|
| 830 |
|
0 |
|a Gender studies (Delhi, India)
|9 8594
|
| 852 |
4 |
|
|a Ayesha Abed Library
|c General Stacks
|
| 942 |
|
|
|2 ddc
|c BK
|
| 999 |
|
|
|c 8130
|d 8130
|
| 952 |
|
|
|0 0
|1 0
|2 ddc
|4 0
|6 371_822000000000000_MIN
|7 0
|9 9285
|a BIGD
|b BIGD
|c GEN
|d 2010-04-18
|g 330.00
|l 0
|o 371.822 MIN
|p 3050020002
|r 2010-04-18
|t 1
|w 2010-04-18
|y BK
|x Transferred from BDI to BIGD ; Rs 250.00
|